Catálogo - Centro de Recursos para el Aprendizaje y la Investigación

Volver al Sitio - CRAI Biblioteca

The complete dentist manual / (Registro nro. 113678)

Detalles MARC
000 -CABECERA
campo de control de longitud fija 03116nam a2200277 4500
001 - NÚMERO DE CONTROL
campo de control 113678
003 - IDENTIFICADOR DEL NÚMERO DE CONTROL
campo de control DR-UNIBE
005 - FECHA Y HORA DE LA ÚLTIMA TRANSACCIÓN
campo de control 20250526143403.0
008 - DATOS DE LONGITUD FIJA--INFORMACIÓN GENERAL
campo de control de longitud fija 250526b2017 xxu||||| |||| 00| 0 eng d
020 ## - NÚMERO INTERNACIONAL ESTÁNDAR DEL LIBRO
Número Internacional Estándar del Libro 0998533602
020 ## - NÚMERO INTERNACIONAL ESTÁNDAR DEL LIBRO
Número Internacional Estándar del Libro 9780998533605
040 ## - FUENTE DE LA CATALOGACIÓN
Centro catalogador/agencia de origen BIBLIOTECA UNIBE
Lengua de catalogación spa
Centro/agencia transcriptor BIBLIOTECA UNIBE
041 ## - CÓDIGO DE LENGUA
Código de lengua del texto/banda sonora o título independiente eng
082 ## - NÚMERO DE LA CLASIFICACIÓN DECIMAL DEWEY
Número de edición 22
Número de clasificación 617.6 D272c 2017
100 1# - ENTRADA PRINCIPAL--NOMBRE DE PERSONA
Nombre de persona Dawson, Peter E.,
Fechas asociadas al nombre 1930-2019
Término indicativo de función/relación autor
9 (RLIN) 195925
100 1# - ENTRADA PRINCIPAL--NOMBRE DE PERSONA
Nombre de persona Cranham, John
9 (RLIN) 195917
Término indicativo de función/relación autor
245 14 - MENCIÓN DE TÍTULO
Título The complete dentist manual /
Mención de responsabilidad, etc. Peter E. Dawson, John C. Cranham
250 ## - MENCIÓN DE EDICIÓN
Mención de edición Primera edición
260 ## - PUBLICACIÓN, DISTRIBUCIÓN, ETC.
Lugar de publicación, distribución, etc. St. Petersburg, Florida :
Nombre del editor, distribuidor, etc. Widiom Publishing, LLC.,
Fecha de publicación, distribución, etc. 2017
300 ## - DESCRIPCIÓN FÍSICA
Extensión 370 páginas :
Otras características físicas ilustraciones a color ;
Dimensiones 28 cm
505 0# - NOTA DE CONTENIDO CON FORMATO
Nota de contenido con formato 1. The complete dentist as a masticatory system physician |<br/>2. Wrong thinking about complete dentistry |<br/>3. The complete dentist evaluates teeth differently |<br/>4. Complete dentist measure success with objective criteria |<br/>5. Complete dentist avoid the 10 most common ways to screw up an occlusion |<br/>6. Goal one: get the mouth healthy |<br/>7. The clinical game changer: centric relation |<br/>8. Centric relation: what it is and what it´s not |<br/>9. Complete dentists record centric relation precisely |<br/>10. The articulator |<br/>11. Complete dentists use articulators wisely |<br/>12. Adapted centric posture |<br/>13. The complete dentist evaluates the TMJs on every patient |<br/>14. Treating unstable or uncomfortable TMJs |<br/>15. Complete dentists achieve acclusal harmony |<br/>16. Complete dentists classify conditions |<br/>17. End the guessing game for front teeth |<br/>18. Complete dentists get the anterior guidance right |<br/>19. Complete dentists create beautiful esthetics | |<br/>20. Complete dentists develop optimum treatment plans |<br/>21. Streamlining the treatment planning process: the Dawson diagnostic wizard |<br/>22. Complete dentists use quality controls |<br/>23. Complete dentists diagnose orofacial pain |<br/>24. Complete dentists use vertical dimension wisely |<br/>25. Complete dentists don´t violate the neutral zone |<br/>26. Complete dentists know when the occlusal plane is a problem |<br/>27. Complete dentists stay current on diagnostic modalities |<br/>28. Dental imaging in transition |<br/>29. Complete dentists use imaging wisely |<br/>30. A restorative dentist looks at orthodontics |<br/>31. Orthodontics for complete dentistry |<br/>32. GP and orthodontist collaboration |<br/>33. Complete dentists use removable partial dentures wisely |<br/>34. Dental implants in the Dawson philosophy |<br/>35. The complete dentist´s expanded role |<br/>36. Complete dentists are gatekeepers for general health |<br/>37. The Complete dentists develops a coordinated interdisciplinary team |<br/>38. Complete dentists see new patients differently |<br/>39. Complete dentists attract and keep new patients |<br/>40. Put your patients second |<br/>41. Transitioning the legacy practice |<br/>42. Making sense of the literature |<br/>43. Resources for complete dentists<br/>
650 #7 - PUNTO DE ACCESO ADICIONAL DE MATERIA--TÉRMINO DE MATERIA
Fuente del encabezamiento o término lemb
Término de materia o nombre geográfico como elemento de entrada Odontología
Subdivisión general Libros de texto
9 (RLIN) 195931
650 #7 - PUNTO DE ACCESO ADICIONAL DE MATERIA--TÉRMINO DE MATERIA
Fuente del encabezamiento o término lemb
Término de materia o nombre geográfico como elemento de entrada Odontología
Subdivisión de forma Manuales
9 (RLIN) 195932
700 1# - PUNTO DE ACCESO ADICIONAL--NOMBRE DE PERSONA
Nombre de persona Daxon, Kim
Término indicativo de función/relación prologuista
9 (RLIN) 195919
942 ## - ELEMENTOS DE PUNTO DE ACCESO ADICIONAL (KOHA)
Fuente del sistema de clasificación o colocación Sistema de Clasificación Decimal Dewey
Tipo de ítem Koha Libro (reserva)
Existencias
Estado de retiro Estado de pérdida Fuente del sistema de clasificación o colocación No para préstamo Código de colección Localización permanente Ubicación en estantería Fecha de adquisición Total de préstamos Signatura topográfica completa Código de barras Fecha visto por última vez Fecha del último préstamo Número de copia Precio válido a partir de Tipo de ítem Koha
  Disponible Sistema de Clasificación Decimal Dewey   Reserva Biblioteca Central UNIBE Área de exhibición 26/05/2025 2 617.6 D272c 2017 250663 16/06/2025 09/06/2025 Ej. 1 26/05/2025 Libro (reserva)